000 02958njm a2200493Ia 4500
001 23886
003 IT-RoPAU
005 20220918181158.0
008 131025s9999 xx 000 0 und d
040 _aIT-RoPAU
040 _cIT-RoPAU
999 _c102744
_d102744
999 _bn.d.
100 _aAA.VV.
_9794
100 _eAutore musica
_96986
100 _gCodice autore musica SPICS: 12000
_9796
245 _aO sole mio! (Lp Sm 3532)
250 _a1a ed.
260 _aMILANO
260 _bJOKER - W. GURTLER
_c1973 [1a Ed.:1973]
300 _aDISCO
300 _c38 minuti (Testo: pag.)
500 _aCanzone napoletana strumentale. Mandolini
505 _aMarechiare (3:00) - O sole mio (3:00) - O surdato 'nnamurato (4:00) - Canzone appassiunata (4:00) - Comme facette mammeta? (3:00) - Era de maggio (4:00) - Funiculì funiculà (4:00) - Maria, Marì! (4:00) - Ndringhete 'ndrà (4:00) - O marenariello (4:00) - Oilì, oilà! (4:00) - Furturella (3:00)
511 _aOrchestra e mandolini napoletani "Santa Lucia"
650 _aCANZONE NAPOLET [DISCHI]
_eCodice MATERIA SPICS: 9950
_96987
700 _aOrchestra e mandolini napoletani Santa Lucia
_gCodice interprete SPICS: 14003
_96988
_eInterprete
700 _aTosti Francesco Paolo
_gCodice autore musica SPICS: 13473
_eAutore musica
_pMarechiare
_96989
700 _aDi Giacomo Salvatore
_gCodice autore SPICS: 13668
_eAutore
_pMarechiare - Era de maggio - Oilì, oilà!
_96990
700 _aCapurro Giovanni
_gCodice autore musica SPICS: 13137
_eAutore musica
_pO sole mio
_96991
700 _aDi Capua Edoardo
_gCodice autore SPICS: 13138
_eAutore
_pO sole mio - Maria, Marì!
_96992
700 _aCalifano Aniello
_gCodice autore musica SPICS: 13470
_eAutore musica
_pO surdato 'nnamurato
_96993
700 _aCannio Enrico
_gCodice autore SPICS: 13705
_eAutore
_pO surdato 'nnamurato
_96994
700 _aMario E.A. (Gaeta Giovanni)
_gCodice autore musica SPICS: 13440
_eAutore musica
_pCanzone appassiunata
_96995
700 _aCapaldo Giuseppe
_gCodice autore musica SPICS: 13709
_eAutore musica
_pComme facette mammeta?
_96996
700 _aGambardella Salvatore
_gCodice autore musica SPICS: 13700
_eAutore musica
_pComme facette mammeta? - O marenariello - Furturella
_96997
700 _aCosta A.
_gCodice autore musica SPICS: 13206
_eAutore musica
_pEra de maggio - Oilì, oilà!
_96998
700 _aDenza L.
_gCodice autore musica SPICS: 13907
_eAutore musica
_pFuniculì funiculà
_96999
700 _aTurco G.
_gCodice autore SPICS: 14023
_eAutore
_pFuniculì funiculà
_97000
700 _aRusso Vincenzo
_gCodice autore musica SPICS: 13669
_eAutore musica
_pMaria, Marì!
_97001
700 _aDe Gregorio
_gCodice autore musica SPICS: 14020
_eAutore musica
_pNdringhete 'ndrà
_97002
700 _aCinquegrana P.
_gCodice autore musica SPICS: 14019
_eAutore musica
_pNdringhete 'ndrà - Furturella
_97003
700 _aOttaviano Gennaro
_gCodice autore SPICS: 13701
_eAutore
_pO marenariello
_97004
942 _cMD
_2ddc